Normal view
MARC view
- Salud mental
Entry Materia
001 - NÚMERO DE CONTROL DEL REGISTRO
- campo de control: 50454
003 - IDENTIFICADOR DE NUMERO DE CONTROL
- campo de control: MX-MxUPN
005 - FECHA Y HORA DE LA ÚLTIMA TRANSACCIÓN
- campo de control: 20231026111119.0
008 - DATOS DE LONGITUD FIJA
- campo de control de longitud fija: 231026nn fnnnnbabb n ana d
040 ## - FUENTE DE LA CATALOGACIÓN
- Centro catalogador de origen: MX-MxUPN
- Lengua de catalogación: spa
150 ## - ENCABEZAMIENTO - TEMÁTICO
- Término de materia o nombre geográfico como elemento inicial: Salud mental
- Subdivisión de materia general: Aspectos sociológicos
- Subdivisión cronológica: Bibliografía
670 ## - FUENTE EN LA QUE SE LOCALIZARON DATOS
- Cita de la fuente: Autoridades BGTQ, 26 octubre 2023 :
- Información localizada: (Salud mental -- Bibliografía) subdivisión general (Aspectos sociológicos)
902 ## - CATALOGADOR
- Catalogador: VíctorGodínez/261023
